000 00269nam a2200097Ia 4500
008 220204s9999 xx 000 0 und d
082 _aNR:33(047)
_bPLA
245 0 _aProject report on the rehabilitation scheme(10000 acres rubber)
260 _aKottayam
_bPCK
942 _cBK
999 _c23579
_d23579